000 00811nam a2200301 4500
001 0001964179
003 DO-SdBNP
005 20171213083655.0
007 0001964179
008 040827s1987 sp | ||| ||spa
016 7 _a
_2BPMSU
017 _a
_b
020 _a8432091327
035 _a
040 _aBPMSU
_bspa
_cBPMSU
_e
041 1 _aspa
_h
080 0 _a
100 1 _aVerne, Jules
_d1828-1905
240 1 0 _aAutour de la lune
_lEspañol
245 1 0 _aViaje alrededor de la luna /
_h
_cJulio Verne
260 _aBarcelona :
_bPlaneta,
_c1987
300 _a190 p. ;
_bil.:
_c21 cm.
490 1 _aClásicos juveniles planeta
830 _pClásicos juveniles planeta
942 _2ddc
_cBK
945 _ainventariado extranjero / DG
956 _aVMATEO
_210
_320151209
_6BPMSU
_800151
999 _c9081
_d9081